[Event "Bazna Kings 4th"]
[Site "Medias"]
[Date "2010.06.14"]
[Round "1"]
[White "Nisipeanu, Liviu Dieter"]
[Black "Radjabov, Teimour"]
[Result "1-0"]
[WhiteElo "2672"]
[BlackElo "2740"]
[Annotator "Nisipeanu,LD"]
[PlyCount "77"]
[EventDate "2010.06.14"]
[EventType "tourn"]
[EventRounds "10"]
[EventCountry "ROU"]
[EventCategory "20"]
[SourceTitle "CBM 137"]
[Source "ChessBase"]
[SourceDate "2010.07.15"]
[SourceVersion "1"]
[SourceVersionDate "2010.07.15"]
[SourceQuality "1"]

1. e4 c5 2. Nf3 Nc6 3. d4 cxd4 4. Nxd4 Nf6 ({No surprises, allthough Teimour
also plays} 4... e5 {occasionally.}) 5. Nc3 e5 6. Ndb5 d6 7. Bg5 a6 8. Na3 b5
9. Nd5 Be7 10. Bxf6 Bxf6 11. c4 b4 12. Nc2 O-O {The most precise move order.} (
12... a5 {allows White the extra possibilty of} 13. Qf3 Bg5 14. h4 Bh6 15. g4 {
with chances for the initiative.}) 13. g3 (13. Be2 {is a more popular setup.})
13... Be6 $5 {A novelty.} (13... Bg5 14. Bg2 Qa5 {followed by Qc5, as
recomended by Sveshnikov specialist Dorian Rogozenco, is considered to be the
critical test for White's setup.}) 14. Bg2 (14. h4 $5 {might be a better try
for an advantage, but I was not sure about the position after} Bxd5 15. cxd5
Nd4 16. Nxd4 exd4 17. Qd3 (17. Bd3 {is probably the right move, followed by
Kf1-g2 with a slight edge for White}) 17... Rc8 18. Bh3 Rc5 19. O-O Qc7 20.
Qxa6 Rc2 21. Rab1 d3 22. Qxd3 Bxb2 {with enough compensation for the pawn.})
14... a5 15. O-O Rc8 16. Qd3 g6 ({Maybe more consistent with Black's play was} 
16... Bxd5 {as indicated by Rogozenco, but I still prefer White after} 17. cxd5
Nd4 18. Nxd4 exd4 19. Bh3 Rc5 20. Rac1 Qc7 21. Rxc5 Qxc5 22. Bd7 $14) 17. Nxf6+
$1 {This is the only way White can hope for an advantage, but still it took me
a long time to give up the 'good knight' for the 'bad bishop'.} (17. a3 bxa3
18. Qxa3 Bg7 $11) 17... Qxf6 18. b3 $14 {White's position is easier to play,
but no real damage is done for Black yet.} Qe7 19. Rad1 $5 (19. Rfd1 Rfd8 20.
a3 Qb7 {was not convincing and therefore I decided to play on the kingside
first.}) 19... Rfd8 (19... Qa7 20. Kh1 Rcd8 21. f4 {looks promising for White.}
) 20. h4 $5 ({I was not entirely convinced by} 20. f4 f6 21. f5 Bf7 22. fxg6
hxg6 23. Ne3 Be6 (23... Nd4 24. Ng4 Be6 25. Nxf6+ Kg7 {is also not that clear})
24. Nd5 Bxd5 25. exd5 e4 26. Qxe4 Ne5 {with compensation for the pawn.}) 20...
Kh8 {The start of a wrong plan.} ({Better was} 20... a4 21. Kh2 Ra8 22. Bh3 {
, but I still prefer White here.}) 21. Kh2 f5 $2 {This is the first real
mistake, but from a practical point of view, it is already the decisive one.} (
21... Ra8 22. Bh3 a4 {was still possible.}) 22. exf5 gxf5 23. Bxc6 $1 {An
excellent decision. After this exchange the difference between the remaining
minor pieces will be marked.} (23. Ne3 e4 24. Qe2 Ne5 {is fine for Black.})
23... Rxc6 24. f4 $16 Rcc8 (24... e4 {was possibly better, but then Black has
to admit positional defeat and this is something that top players simply hate.}
) 25. Qe3 Qg7 26. Rf2 $1 {With time trouble approaching, I tried to prevent
any sort of counterplay, since the d6-pawn is now hopelessly weak.} Rd7 $6 (
26... d5 $1 {was by far the best chance to complicate White's task.} 27. Rfd2 {
I tought that this simple move is winning on the spot, but in fact things are
not so simple after} Re8 $1 28. cxd5 Bxd5 29. Nxb4 Bxb3 30. Qxb3 axb4 31. Qxb4
Rg8 {with some chances to survive for Black.}) 27. Nd4 $1 {Transfering the
knight to b5 by tactical means.} Qg4 28. Rdd2 Re8 29. Nb5 (29. fxe5 Qh3+ $1 {
might be still winning for White, that is if you survive the heart attack
first.}) 29... d5 {Desperation, but Black's position is already lost.} 30. Nd6
$1 $18 Red8 31. Qxe5+ Qg7 32. c5 Qxe5 33. fxe5 Rc7 34. Rc2 d4 35. Rfd2 f4 36.
gxf4 d3 37. Rxd3 Bf5 38. Nf7+ Kg7 39. Rg2+ 1-0

[Event "Bazna Kings 4th"]
[Site "Medias"]
[Date "2010.06.15"]
[Round "2"]
[White "Radjabov, Teimour"]
[Black "Carlsen, Magnus"]
[Result "1/2-1/2"]
[WhiteElo "2740"]
[BlackElo "2813"]
[Annotator "Rogozenco,D"]
[PlyCount "147"]
[EventDate "2010.06.14"]
[EventType "tourn"]
[EventRounds "10"]
[EventCountry "ROU"]
[EventCategory "20"]
[SourceTitle "CBM 137"]
[Source "ChessBase"]
[SourceDate "2010.07.15"]
[SourceVersion "1"]
[SourceVersionDate "2010.07.15"]
[SourceQuality "1"]

1. e4 c5 2. Nc3 Nc6 3. Bb5 Nd4 4. Bc4 Nf6 5. Nge2 a6 6. a4 e6 7. O-O d5 8. exd5
exd5 9. Ba2 Bg4 10. f3 ({The less committing} 10. h3 {was also possible, since
the natural answer} Bh5 {drives the bishop away from the potential weakness on
d5. White can consider then} 11. g4 Bg6 12. d3 {and it is not simple for Black
to exploit weaknesses on opponent's kingside, while his center remains shaky.})
(10. d3 Bd6 11. h3) 10... Be6 11. d3 Nc6 12. Nf4 Qd7 13. Bd2 Be7 14. Nce2 O-O
15. c3 {Black has a pleasant position and Carlsen tries to expand on the
queenside.} b5 16. Bb1 Rab8 ({The immediate} 16... b4 {deserved attention,
avoiding the exchange of a-pawns.}) 17. axb5 axb5 18. Bc2 Bd6 19. Qe1 {
Radjabov chooses the waiting strategy. A reasonable approach, since White's
only problem are the weaknesses created by the move 10.f3 and he is able to
cover them.} ({There was nothing wrong with} 19. d4) 19... Rfe8 20. Qf2 Qc7 21.
Kh1 b4 22. d4 {Carlsen: "A very good move". Radjabov rightly calculated that
in the following tactical complications White keeps the balance.} bxc3 23. bxc3
cxd4 24. cxd4 Nxd4 25. Bxh7+ {Forced. Other moves leave Black with an extra
pawn.} (25. Qxd4 $2 Qxc2) (25. Nxd4 $2 Bxf4) (25. Nxe6 $2 Nxe6) 25... Nxh7 26.
Qxd4 Be5 27. Nxe6 Rxe6 28. Bf4 Bxd4 29. Bxc7 Bxa1 30. Bxb8 Rxe2 31. Rxa1 {
The endgame should of course be a draw, but the passed d-pawn leaves Black
with possibilities to play on. Although in the next part Carlsen improved the
position as much as possible, White's defensive resources are always
sufficient.} Ng5 32. Kg1 Ne6 33. Rd1 d4 34. Kf1 Rb2 35. Be5 Rb5 36. Bg3 Kh7 37.
Bf2 Kg6 38. Ke1 Rb4 39. h4 Kf5 40. g3 Ke5 41. Ke2 Kd5 42. Rd2 Ra4 43. Rb2 Nc5
44. Rd2 Nb3 45. Rc2 Ra7 46. h5 f6 47. Rb2 Re7+ 48. Kd3 Nc5+ 49. Kd2 Ra7 50. Ke2
Ra4 51. Rd2 Nd7 52. Be3 Ne5 53. g4 Nf7 54. Bf4 Nd8 55. Rb2 Ne6 56. Bd2 Ra1 57.
Rb5+ Kc4 58. Ra5 {A somewhat risky move, requiring precise calculation.} ({
The simplest way was pointed out by Carlsen:} 58. Rb6 Nc5 59. h6 gxh6 60. Rxf6
$11) 58... Nf4+ 59. Kf2 Rxa5 60. Bxa5 Kd3 61. Kg3 Ne2+ 62. Kf2 Nf4 63. Kg3 Ke3
64. g5 $1 {A precise move, which secures the draw. After other continuations
White is in troubles.} fxg5 65. Kg4 d3 66. Kxg5 Kxf3 67. h6 Ne6+ 68. Kg6 gxh6
69. Kxh6 Ke2 70. Kg6 Nd4 71. Kf6 Nc6 72. Bc3 Ne5 73. Kxe5 d2 74. Bxd2 1/2-1/2

[Event "Bazna Kings 4th"]
[Site "Medias"]
[Date "2010.06.19"]
[Round "5"]
[White "Wang, Yue"]
[Black "Radjabov, Teimour"]
[Result "1/2-1/2"]
[WhiteElo "2752"]
[BlackElo "2740"]
[Annotator "Rogozenco,D"]
[PlyCount "81"]
[EventDate "2010.06.14"]
[EventType "tourn"]
[EventRounds "10"]
[EventCountry "ROU"]
[EventCategory "20"]
[SourceTitle "CBM 137"]
[Source "ChessBase"]
[SourceDate "2010.07.15"]
[SourceVersion "1"]
[SourceVersionDate "2010.07.15"]
[SourceQuality "1"]

1. Nf3 Nf6 2. c4 g6 3. Nc3 Bg7 4. g3 c6 5. Bg2 d5 6. cxd5 cxd5 7. d4 O-O 8. Ne5
e6 9. O-O Nfd7 10. Nf3 Nf6 11. Bf4 Nc6 12. Rc1 Bd7 ({Another way to fight for
equality is} 12... Ne4) 13. Bd6 Re8 14. e3 Bf8 15. Bxf8 Rxf8 16. Ne5 Rc8 17.
Qe2 Qe7 {White is slightly better because of two factors: his knight is active
on e5 and the black bishop is passive on d7. A big virtuoso to play such
positions was Anatoly Karpov, but objectively speaking it is more difficult
for White here to win than for Black to make a draw.} 18. f4 h5 19. h3 Kg7 20.
Bf3 Rh8 21. Kg2 a6 22. Rh1 Rh7 23. Qd2 Rhh8 {Since there is no much Black can
do, Radjabov wisely decided to wait for the moment.} 24. g4 {This suddenly
allows Black to simplify the position.} ({Radjabov would have had to solve
bigger problems after} 24. Qf2 Rh7 25. g4 hxg4 26. hxg4 Rxh1 27. Rxh1 Rh8 28.
Rxh8 Kxh8 29. g5 Ne8 30. e4 dxe4 31. Nxe4) 24... hxg4 25. hxg4 Nxe5 $1 26. dxe5
Ne4 $1 {With this move Radjabov shows one of his greatest skills - to feel the
right moment for concrete actions. Having less space it is vital for Black to
exchange his knight.} 27. Bxe4 ({After} 27. Nxe4 dxe4 28. Bxe4 {Black plays}
Rxc1 29. Qxc1 (29. Rxc1 Qh4) (29. Rxh8 Rc4 30. Bd3 Rxf4 31. exf4 Bc6+ 32. Kg3
Kxh8 $11) 29... Rxh1 30. Qxh1 (30. Kxh1 Qh4+) 30... Qb4 31. Qb1 Qd2+ 32. Kf3
Qh2 {winning back the pawn, with equality.}) 27... dxe4 28. Kg3 ({Certainly not
} 28. Nxe4 $2 Rxc1 29. Qxc1 Bc6) 28... Bc6 29. Qd6 Qxd6 ({Wrong is} 29... Rce8
30. Qxe7 Rxe7 31. Rxh8 Kxh8 32. Rd1 {followed by Rd4.}) 30. exd6 Rxh1 31. Rxh1
Rd8 32. Rd1 {At the first sight the endgame looks better for White thanks to
his potential superiority of the knight versus the bishop in such a structure,
but in reality Black is out of danger, since the pawn on d6 is rather weak and
there are no ways to penetrate into Black's camp.} f5 ({Another way is to
simply play} 32... Rd7 33. g5 Rd8 34. b4 b5 {and wait. There is little White
can do to improve his position.}) 33. b4 b5 34. a3 Kf7 35. Ne2 {Wang Yue
decides to sac the pawn on d6 in order to transfer the knight to c5. The
position still remains equal.} Bd5 36. Nd4 Rxd6 37. Nb3 Rd8 38. Nc5 Kf6 39. Rh1
({If} 39. g5+ Kf7 40. Ra1 {then} Bc4 41. a4 bxa4 42. Rxa4 Rd2 43. Nxa6 Re2 {
and White is suddenly facing the risk of losing.}) 39... Kg7 40. Rd1 Kf6 41.
Rh1 1/2-1/2

[Event "Bazna Kings 4th"]
[Site "Medias"]
[Date "2010.06.20"]
[Round "6"]
[White "Radjabov, Teimour"]
[Black "Nisipeanu, Liviu Dieter"]
[Result "1/2-1/2"]
[WhiteElo "2740"]
[BlackElo "2672"]
[Annotator "Rogozenco,D"]
[PlyCount "59"]
[EventDate "2010.06.14"]
[EventType "tourn"]
[EventRounds "10"]
[EventCountry "ROU"]
[EventCategory "20"]
[SourceTitle "CBM 137"]
[Source "ChessBase"]
[SourceDate "2010.07.15"]
[SourceVersion "1"]
[SourceVersionDate "2010.07.15"]
[SourceQuality "1"]

1. d4 d5 2. Nf3 Nf6 3. c4 dxc4 4. e3 e6 5. Bxc4 c5 6. O-O a6 7. Bd3 Nbd7 8. Re1
b5 9. a4 bxa4 10. Rxa4 {A new move} ({Previously White fought for advantage
with} 10. e4) 10... cxd4 11. Rxd4 $5 (11. exd4 Bb7 {is equal}) 11... Bb7 12.
Nc3 Bc5 13. Rh4 {A double-edged plan. The rook is certainly active if Black
castles short, but Nisipeanu showed that White might end up with the rook out
of the play.} Be7 14. Qe2 Nd5 15. Rh3 Nxc3 16. bxc3 Qc7 17. e4 Nc5 ({Certainly
not} 17... Qxc3 $2 18. Bb2 Qc7 19. Bxg7) 18. Bc2 e5 19. Rh5 Bf6 20. Ng5 ({After
} 20. Bg5 Bxg5 21. Nxg5 h6 22. Nf3 f6 23. Nh4 O-O {Black's position is at
least not worse.}) 20... h6 21. Nf3 Bc8 22. h3 Be6 23. g4 g5 $1 {Now the rook
on h5 is in real danger. Black has several ways to attack it, for instance Bg7,
Nd7-f6, or the plan from the game. White needs to be very creative to keep the
balance and Radjabov manages to do so.} 24. Rd1 Bd7 25. Rd5 $1 Ne6 {The threat
is 26...Ng7.} 26. Qd1 (26. h4 Qxc3 27. hxg5 hxg5 28. Rxh8+ Bxh8 29. Bxg5 $11)
26... Bb5 (26... Ng7 $4 {runs into} 27. Rxd7 Qxd7 28. Ba4) 27. h4 Qxc3 ({After
} 27... Ng7 28. hxg5 Nxh5 29. gxf6 Nxf6 30. Rxe5+ Kf8 31. g5 {White has a
strong initiative.}) 28. hxg5 hxg5 29. Rxh8+ Bxh8 30. Bxg5 {Being in mutual
time-trouble both players agreed to a draw. The position is of course
complicated and a lot of play is still possible, but objectively the position
is indeed about equal.} ({Perhaps it was slightly easier to play with Black
after} 30. Bxg5 Nxg5 31. Nxg5 Bf6 32. Nf3 Rd8) 1/2-1/2

[Event "Bazna Kings 4th"]
[Site "Medias"]
[Date "2010.06.22"]
[Round "8"]
[White "Radjabov, Teimour"]
[Black "Ponomariov, Ruslan"]
[Result "1/2-1/2"]
[WhiteElo "2740"]
[BlackElo "2733"]
[Annotator "Rogozenco,D"]
[PlyCount "59"]
[EventDate "2010.06.14"]
[EventType "tourn"]
[EventRounds "10"]
[EventCountry "ROU"]
[EventCategory "20"]
[SourceTitle "CBM 137"]
[Source "ChessBase"]
[SourceDate "2010.07.15"]
[SourceVersion "1"]
[SourceVersionDate "2010.07.15"]
[SourceQuality "1"]

1. e4 e5 2. Nf3 Nc6 3. Bc4 Nf6 4. d3 Be7 5. O-O O-O 6. Bb3 d5 7. exd5 Nxd5 8.
h3 a5 9. a3 ({One of the most famous games of the recent years went} 9. a4 Nd4
10. Nxd4 exd4 11. Re1 Ra6 $1 12. Qh5 Nb4 13. Na3 Rg6 14. Bf4 b6 15. Qf3 Be6 16.
Bxe6 fxe6 17. Qe4 Bd6 18. Bxd6 cxd6 19. Qxd4 Qg5 20. g3 Qf5 21. g4 h5 {with a
decisive attack for Black. Karjakin,S (2723)-Gelfand,B (2758)/Khanty Mansiysk
2009}) 9... Nd4 10. Nxd4 ({Probably better is the previously played} 10. Ba2)
10... exd4 11. Re1 {White threatens to take on d5 and e7, but...} Ra6 $1 {
This is the manoeuvre from the above mentioned game of Boris Gelfand.
According to Radjabov he realized soon that Black has a comfortable play and
got disappointed with the opening outcome.} 12. Qf3 (12. Bxd5 Qxd5 13. Rxe7 Rg6
{leads to a forces draw:} 14. f3 Bxh3 15. Re2 Qxf3 16. Qf1 Bxg2 17. Rxg2 Rxg2+
18. Qxg2 Qd1+ 19. Qf1 Qg4+ 20. Qg2 Qd1+) ({After} 12. Qh5 {Black play
similarly to the game:} Re6) 12... Re6 13. Rxe6 Bxe6 14. Nd2 c6 15. Ne4 a4 16.
Bc4 b5 17. Ba2 {Black has a slight plus thanks to his space advantage.} Nc7 18.
Bxe6 Nxe6 19. Ng3 $1 {This manoeuvfre of the knight to f5 helps White to keep
the balance.} Qd5 {Otherwise White can develop an initiative on the kingside.}
20. Qxd5 cxd5 21. Bd2 Rc8 22. Rc1 {The only real weakness in the position is
the pawn on c2. But Black can attack it only once with the rook, therefore
White has no troubles to maintain equality.} g6 23. Ne2 f5 24. g3 Kf7 25. h4
Bf8 26. Kg2 h6 27. f4 Bg7 28. Ng1 Bf6 29. Nf3 Ke7 30. Kf2 1/2-1/2

[Event "Bazna Kings 4th"]
[Site "Medias"]
[Date "2010.06.25"]
[Round "10"]
[White "Gelfand, Boris"]
[Black "Radjabov, Teimour"]
[Result "0-1"]
[WhiteElo "2741"]
[BlackElo "2740"]
[Annotator "Rogozenco,D"]
[PlyCount "60"]
[EventDate "2010.06.14"]
[EventType "tourn"]
[EventRounds "10"]
[EventCountry "ROU"]
[EventCategory "20"]
[SourceTitle "CBM 137"]
[Source "ChessBase"]
[SourceDate "2010.07.15"]
[SourceVersion "1"]
[SourceVersionDate "2010.07.15"]
[SourceQuality "1"]

1. Nf3 Nf6 2. c4 g6 3. Nc3 Bg7 4. e4 d6 5. d4 O-O 6. Be2 Na6 7. O-O e5 8. Be3
Ng4 9. Bg5 Qe8 10. Re1 exd4 11. Nd5 f6 12. Bf4 d3 {The d-pawn will be lost
anyway, so Black is trying at least to gain some time by attacking later a
piece on d3.} (12... c6 {catches the knight, but White takes two important
central pawns and has a powerful initiative. The first player who implemented
this idea with the White pieces was Gelfand's second, Alexander Huzman:} 13.
Bxd6 cxd5 14. exd5 Qd8 15. c5 f5 16. Qb3 Rf7 17. h3 Nh6 18. Bc4 Bf6 19. Ne5 Rg7
20. Bxa6 bxa6 21. Nc6 Qd7 {and White is better, Huzman,A (2577)-McShane,L 
(2625)/Saint Vincent 2005. Later White's play was even improved: 16.Bxa6 bxa6
17.Bxf8 Bxf8 18.d6, with almost winning position for White.}) (12... c5 13.
Bxd6 Rf7 {runs into the simple} 14. Nxd4 cxd4 15. Bxg4 {winning.}) (12... Qxe4
{is also bad due to} 13. Bd3 ({or} 13. Bf1 Qf5 14. Ne7+)) 13. Qxd3 $1 {A new
move, made after half an hour of thinking.} (13. Bxd3 Ne5 14. Be2 {was met in
just one game before.}) 13... Ne5 ({After} 13... Nc5 14. Qc2 {the pawn c7 is
under attack and Black has no time to take on e4:} Qxe4 $2 15. Qxe4 Nxe4 16.
Nxc7 Rb8 17. c5 $1 {with the threat Bc4+.}) 14. Qd2 {Now comparing to 13.Bxd3
White has the queen placed on d2, so basically White won an important tempo.
On the other hand soon White will place the queen to c2, that's why the
immediate 14.Qc2 is probably better.} Qf7 15. Rad1 {This natural move allows
Black to centralize his knight from a6 with tempo.} (15. b4 $5) 15... Nc5 16.
Qc2 c6 17. Nc3 (17. Ne3 Ne6 18. Bg3 f5 19. exf5 gxf5 20. Bxe5 dxe5 21. c5 Kh8 {
looks good for Black.}) 17... f5 {Now White must play accurately to keep the
balance.} (17... Nxc4 $2 {loses due to} 18. Bxc4 Qxc4 19. Bxd6 Re8 ({or} 19...
Rd8 20. Bxc5 Rxd1 21. Rxd1 Qxc5 22. Qb3+ Kh8 23. Rd8+ Bf8 24. Qf7) 20. Rd4) 18.
Bxe5 {A very dubious decision. Instead White had to choose between two other
options:} (18. Ng5 Qf6 19. b4 Nf7 (19... Na6 20. Qb3 h6 $4 {runs into} 21. Rxd6
Qxd6 22. c5+) 20. bxc5 Qxc3 21. Qxc3 Bxc3 22. cxd6 Bxe1 23. Rxe1 {with
compensation for the exchange.}) (18. Nxe5 dxe5 19. Be3 Ne6 20. exf5 gxf5 21.
f3 Nd4 22. Qa4 {with a complicated position.}) 18... dxe5 19. b4 Ne6 20. c5 Nd4
21. Nxd4 {This just doesn't work.} ({It was necessary to run away with the
queen, for instance} 21. Qa4 {White is worse, but better than the game.}) 21...
exd4 22. Nb1 Be6 23. exf5 Bxf5 24. Bd3 a5 {Now the rook from a8 enters the
game and White is not able to hold the position any longer.} 25. b5 (25. a3 {
loses to} axb4 26. axb4 Ra2) 25... cxb5 26. Na3 Bxd3 27. Rxd3 Rac8 28. Rf1 ({Or
} 28. Nxb5 Rxc5 29. Qxc5 Qxf2+ {and mate}) 28... Qd5 29. Qd2 b4 30. Nb5 Rxc5
0-1

[Event "Olympiad-39"]
[Site "Khanty-Mansiysk"]
[Date "2010.09.25"]
[Round "5.2"]
[White "Agrest, Evgenij"]
[Black "Radjabov, Teimour"]
[Result "1/2-1/2"]
[WhiteElo "2585"]
[BlackElo "2748"]
[PlyCount "75"]
[EventDate "2010.09.21"]
[EventType "team-swiss"]
[EventRounds "11"]
[EventCountry "RUS"]
[SourceTitle "CBM 139"]
[Source "ChessBase"]
[SourceDate "2010.11.18"]
[SourceVersion "1"]
[SourceVersionDate "2010.11.18"]
[SourceQuality "1"]
[WhiteTeam "Sweden"]
[BlackTeam "Azerbaijan"]
[WhiteTeamCountry "SWE"]
[BlackTeamCountry "AZE"]

1. Nf3 g6 2. c4 Bg7 3. d4 Nf6 4. g3 O-O 5. Bg2 d6 6. Nc3 Nbd7 7. O-O e5 8. e4
exd4 9. Nxd4 Re8 10. h3 a6 11. Re1 Rb8 12. a4 Ne5 13. b3 c5 14. Nc2 Be6 15. Bb2
h5 16. Rb1 Bh8 17. Ne3 Nc6 18. Ncd5 Bxd5 19. cxd5 Nd4 20. Nc2 Nxc2 21. Qxc2 Nd7
22. f4 Bxb2 23. Qxb2 b5 24. axb5 Rxb5 25. Qa1 Qb6 26. Kh2 Rb4 27. e5 dxe5 28.
fxe5 Rd4 29. e6 fxe6 30. b4 Nf8 31. bxc5 Qxc5 32. Qxa6 Rd2 33. Qc6 Rc8 34. Qxc5
Rxc5 35. dxe6 Rcc2 36. e7 Rxg2+ 37. Kh1 Rh2+ 38. Kg1 1/2-1/2

[Event "Olympiad-39"]
[Site "Khanty-Mansiysk"]
[Date "2010.09.30"]
[Round "9.2"]
[White "Ponomariov, Ruslan"]
[Black "Radjabov, Teimour"]
[Result "1/2-1/2"]
[WhiteElo "2749"]
[BlackElo "2748"]
[PlyCount "75"]
[EventDate "2010.09.21"]
[EventType "team-swiss"]
[EventRounds "11"]
[EventCountry "RUS"]
[SourceTitle "CBM 139"]
[Source "ChessBase"]
[SourceDate "2010.11.18"]
[SourceVersion "1"]
[SourceVersionDate "2010.11.18"]
[SourceQuality "1"]
[WhiteTeam "Ukraine"]
[BlackTeam "Azerbaijan"]
[WhiteTeamCountry "UKR"]
[BlackTeamCountry "AZE"]

1. e4 c5 2. Nf3 d6 3. d4 cxd4 4. Nxd4 Nf6 5. Nc3 g6 6. Be3 Bg7 7. f3 Nc6 8. Qd2
O-O 9. g4 Be6 10. Nxe6 fxe6 11. O-O-O Ne5 12. Be2 Rc8 13. Nb5 a6 14. Nd4 Qd7
15. Kb1 d5 16. g5 Nh5 17. f4 Nc4 18. Bxc4 dxc4 19. e5 Qd5 20. Ne2 Qg2 21. Rdg1
Qd5 22. Qc1 b5 23. Ng3 b4 24. Rd1 Qb7 25. Nxh5 gxh5 26. Qd2 Rcd8 27. Qe2 Qe4
28. Rhe1 b3 29. Rd2 Rd5 30. Ka1 Rfd8 31. Rxd5 Qxd5 32. cxb3 cxb3 33. Rc1 h4 34.
Qc4 bxa2 35. Qxd5 Rxd5 36. h3 Kf7 37. Kxa2 h6 38. Rg1 1/2-1/2

[Event "Olympiad-39"]
[Site "Khanty-Mansiysk"]
[Date "2010.10.01"]
[Round "10.2"]
[White "Radjabov, Teimour"]
[Black "Godena, Michele"]
[Result "1/2-1/2"]
[WhiteElo "2748"]
[BlackElo "2551"]
[PlyCount "37"]
[EventDate "2010.09.21"]
[EventType "team-swiss"]
[EventRounds "11"]
[EventCountry "RUS"]
[SourceTitle "CBM 139"]
[Source "ChessBase"]
[SourceDate "2010.11.18"]
[SourceVersion "1"]
[SourceVersionDate "2010.11.18"]
[SourceQuality "1"]
[WhiteTeam "Azerbaijan"]
[BlackTeam "Italy"]
[WhiteTeamCountry "AZE"]
[BlackTeamCountry "ITA"]

1. Nf3 d5 2. d4 Nf6 3. c4 dxc4 4. e3 Bg4 5. Bxc4 e6 6. Nc3 Nbd7 7. h3 Bh5 8.
Be2 Bb4 9. O-O O-O 10. Bd2 c5 11. Qb3 Qb6 12. Rfc1 Rfc8 13. a3 Bxc3 14. Qxb6
Nxb6 15. Bxc3 Na4 16. dxc5 Nxc5 17. Bc4 b5 18. Ba2 Nfe4 19. Ne5 1/2-1/2